000 00675nam a2200193 a 4500
005 20140412111306.0
008 010502s19uu xx 00 eng d
020 _a0-85097-910-2
050 _aTR(PS E
_bGo 1991
100 _aYates, Irene
245 _aGo away, Rose :
_benglish, science and math activities based on a lively family story /
_cstory by Irene Yates; illustrations by Pauline Little.
260 _aLondon :
_bCharles Lett & Co. Ltd,
_c1991.
300 _a32p. ; ill.
440 _aLearning with LETTS (6-7 year olds)
650 _aEnglish-Study and teaching
650 _aScience-Study and teaching
650 _aMath-Study and teaching
999 _c103674
_d103674